Apuntes filosóficos y diario de sueños /

Detalles Bibliográficos
Autor principal: Bula Caraballo, Germán Ulises (Autor)
Formato: Electrónico eBook
Lenguaje:español
Publicado: Bogotá, Colombia : Editorial Aula de Humanidades, 2024.
Edición:Primera edición.
Colección:Colección Literatura (Editorial Aula de Humanidades). Serie Filosofía-ficción.
Materias:
Acceso en línea:Digitalia Hispánica

MARC

LEADER 00000nam a2200000 i 4500
001 DIGAUHUM0002
003 NyNyDIG
007 cr |||||||||||
008 241210s2024 ck ob 000 0 spa d
006 m o d
035 |a (OCoLC)1478204484 
040 |a DGITA  |b eng  |e rda  |e pn  |c DGITA 
020 |a 9786287700277  |q (versión digital) 
020 |z 9786287700260  |q (versión impresa) 
050 1 4 |a B1054.B9 ebook 
100 1 |a Bula Caraballo, Germán Ulises,  |e author. 
245 1 0 |a Apuntes filosóficos y diario de sueños /  |c Germán Ulises Bula Caraballo. 
250 |a Primera edición. 
264 1 |a Bogotá, Colombia :  |b Editorial Aula de Humanidades,  |c 2024. 
300 |a 1 online resource. 
336 |a text  |b txt  |2 rdacontent 
337 |a computer  |b c  |2 rdamedia 
338 |a online resource  |b cr  |2 rdacarrier 
347 |a text file  |2 rdaft 
347 |b PDF 
490 1 |a Colección: Literatura. Serie: Filosofía-ficción 
504 |a Includes bibliographical references. 
588 0 |a Online resource; title from PDF title page (Digitalia, viewed December 10, 2024) 
600 1 0 |a Bula Caraballo, Germán Ulises. 
650 0 |a Philosophy, Colombian. 
791 2 |a Digitalia (Firm),  |e distributor. 
793 0 |g Digitalia eBook Collection:  |a Editorial Aula de Humanidades 
776 0 8 |i Print version:  |a Bula Caraballo, Germán Ulises.  |t Apuntes filosóficos y diario de sueños.  |b Primera edición.  |d Bogotá, Colombia : Editorial Aula de Humanidades, [2024]  |z 9786287700260 
830 0 |a Colección Literatura (Editorial Aula de Humanidades).  |p Serie Filosofía-ficción. 
856 4 0 |3 Digitalia Hispánica  |u https://www.digitaliapublishing.com/a/159378/ 
910 |a Premium collection: 2024